Belgian Political Parties - Statistics

General Stats
  • This quiz has been taken 81 times
  • The average score is 8 of 12
Answer Stats
Ideology Position Seats Answer % Correct
Flemish nationalism Centre right to right wing 27 New Flemish Alliance
94%
Social Democracy (Francophone) Centre left to left wing 18 Socialist
89%
Liberalism Centre right to right wing 23 Reformist Movement
87%
Christian Democracy Centre to centre right 13 Christian Democratic and Flemish
79%
Liberalism Centre right 8 Open Flemish Liberals and Democrats
79%
Green politics Left wing 5 Ecolo
78%
_______ politics Centre left to left wing 7 Green
70%
Populism Right wing to far right 23 Flemish Interest
67%
Social liberalism Centre to centre right 15 The Committed Ones
65%
Social Democracy (Flemish) Centre left 15 Forward
48%
Marxism (Bilingual) Left wing to far left 17 Worker's Party of Belgium
40%
Regionalism Centre 1 DeFl
5%
No matching quizzes found
Score Distribution
Percent of People with Each Score
Percentile by Number Answered
Your Score History
You have not taken this quiz